L'uomo sulla roccia : romanzo /
-д хадгалсан:
| Үндсэн зохиолч: | |
|---|---|
| Формат: | Ном |
| Хэл сонгох: | итали |
| Хэвлэсэн: |
Milano :
Bompiani,
1959
|
| Цуврал: | Letteraria Bompiani
|
| Шошгууд: |
Шошго байхгүй, Энэхүү баримтыг шошголох эхний хүн болох!
|
MARC
| LEADER | 00000nam a22000007i 4500 | ||
|---|---|---|---|
| 001 | IT\ICCU\RAV\0049658 | ||
| 003 | ItRI | ||
| 005 | 20250729114507.0 | ||
| 008 | 890614s1959 it |||||| ||||| |||||c | ||
| 040 | |b ita |c ct | ||
| 041 | 7 | |a ita |2 ISO-639-2 | |
| 100 | 1 | |a King, Francis, |d (1939-1994) |0 IT\ICCU\RAVV\007856 |4 aut | |
| 240 | 1 | 4 | |a The man on the rock. - |9 King, Francis <1939-1994> |
| 245 | 1 | 2 | |a L'uomo sulla roccia : |b romanzo / |c di Francis King. |
| 260 | |a Milano : |b Bompiani, |c 1959 | ||
| 300 | |a 267 p. ; |c 21 cm | ||
| 830 | 0 | |a Letteraria Bompiani |0 IT\ICCU\RAV\0000352 | |
| 942 | |2 ddc |c BK | ||
| 952 | |0 0 |1 0 |2 ddc |4 0 |7 0 |9 7175 |a MI |b MI |d 1988-03-03 |i 877 |l 0 |p CDOM877 |r 2025-07-13 16:28:32 |w 2025-07-13 |x OLIVARI |y BK | ||
| 981 | 1 | |6 z01 |a i |b xxxe | |
| 982 | 1 | |6 z01 |a n | |
| 999 | |c 5871 |d 5871 | ||